000 00357nam a2200145Ia 4500
008 220803s9999 xx 000 0 und d
020 _a84-96263-00-2
041 _aeng
082 _a729 MOS
100 _aMostaedi A
_917154
245 _aCool Shops
260 _aSpain
_bLinks International
_c2004
300 _a179p
650 _aArchitectural Design
_917155
999 _c12163
_d12163